| 000 | 00342nam a2200121Ia 4500 | ||
|---|---|---|---|
| 008 | 230907s9999||||xx |||||||||||||| ||und|| | ||
| 082 |
_a621.381548 _bCAR |
||
| 100 |
_aCarr, Joseph J. _926343 |
||
| 245 | 0 | _aElements of electronic instrumentation and measurement / | |
| 260 |
_aPearson, _bNew Delhi : _c2008 |
||
| 300 | _a550 p. : | ||
| 942 | _cBK | ||
| 999 |
_c598623 _d598623 |
||